000256980 001__ 256980
000256980 005__ 20260303173148.0
000256980 0247_ $$aG:(GEPRIS)397990570$$d397990570
000256980 035__ $$aG:(GEPRIS)397990570
000256980 040__ $$aGEPRIS$$chttp://gepris.its.kfa-juelich.de
000256980 150__ $$aBiofabrikation von Herz Ersatzgewebe mit Biotinten aus Spinnseiden-Proteinen (C01)$$y2018 -
000256980 371__ $$aProfessor Dr. Felix B. Engel
000256980 371__ $$aProfessor Dr. Thomas Scheibel
000256980 450__ $$aDFG project G:(GEPRIS)397990570$$wd$$y2018 -
000256980 5101_ $$0I:(DE-588b)2007744-0$$aDeutsche Forschungsgemeinschaft$$bDFG
000256980 550__ $$0G:(GEPRIS)326998133$$aTRR 225: Von den Grundlagen der Biofabrikation zu funktionalen Gewebemodellen$$wt
000256980 680__ $$aDie Prävalenz von Herzerkrankungen nimmt zu und es wird zunehmend klarer, dass Daten aus Studien mit Tiermodellen oft nicht auf die klinische Praxis übertragbar sind. Das Projekt setzt sich die Biofabrikation von Herzgeweben aus hiPSC differenzierten Herzmuskelzellen und rekombinanten Spinnenseidenproteinen zum Ziel. Spinnenseide/ Kollagen-I Hydrogele bieten geeignete Kultivierungsbedingungen für hiPSC-CM in 3D und verhindern gleichzeitig die durch Fibroblasten und andere Zell-Typen verursachte Verdichtung der Matrix. Außerdem haben wir ein funktionelles menschliches Herzkammermodell in 3D gedruckt und es wurden darüber hinaus wichtige Ergebnisse hinsichtlich der Vaskularisierung erzielt.
000256980 909CO $$ooai:juser.fz-juelich.de:923583$$pauthority$$pauthority:GRANT
000256980 909CO $$ooai:juser.fz-juelich.de:923583
000256980 980__ $$aG
000256980 980__ $$aAUTHORITY